Membres du personnel de Yuei (My Hero Academia) - Statistiques

Statistiques générales
  • Ce quiz a été pris 29 fois
  • Le résultat moyen est 9 sur 14
Statistiques - réponses
Personnel de Yuei % Correct
All Might
100%
Eraser Head
96%
Midnight
83%
Nezu
75%
Vlad King
75%
Cementos
71%
Ectoplasm
71%
Present Mic
54%
Snipe
54%
Numéro 13
46%
Recovery Girl
46%
Lunch Rush
42%
Hound Dog
38%
Power Loader
33%
Aucun quiz correspondant
Distribution des résultats
% des personnes avec chaque résultat
Percentile par nombre de réponses
Votre historique - résultats
Vous n’avez pas pris ce quiz